| 000 | 00915nam a22002177a 4500 | ||
|---|---|---|---|
| 999 |
_c20974 _d20974 |
||
| 003 | AR-CdUCM | ||
| 008 | 190712b ||||| |||| 00| 0 spa d | ||
| 040 |
_aMUNICIPALIDAD PROVINCIAL DEL CUSCO _cBIBLIOTECA MUNICIPAL DEL CUSCO |
||
| 041 | _heng | ||
| 082 |
_a327.111 / _b T57 |
||
| 100 |
_aTinbergen, Jan _939351 |
||
| 245 |
_aHacia una economía mundial : _bsugerencias para una política económica internacional / |
||
| 260 |
_aBarcelona : _bEdiciones de occidente, _c1965. |
||
| 300 | _a242 páginas ; | ||
| 505 | _aContenido : El mundo y el occidente. Una visión de las tensiones actuales. -- La economía mundial del mañana. Sugerencias para una política económica.-- Desarrollo económico y cooperación en América Latina. | ||
| 650 |
_aEconomía mundial _95126 |
||
| 650 |
_aPolítica internacional _91555 |
||
| 700 |
_aCabré, Anna M. (traductora) _943764 |
||
| 942 |
_2ddc _cLIBROS |
||
| 945 | _azta | ||